Сравнительная оценка цитотоксичности производных вердазильных радикалов разными колориметрическими тестами; Химия и химическая технология в XXI веке; Т. 1

Λεπτομέρειες βιβλιογραφικής εγγραφής
Parent link:Химия и химическая технология в XXI веке: материалы XXII Международной научно-практической конференции студентов и молодых ученых имени выдающихся химиков Л. П. Кулёва и Н. М. Кижнера, посвященной 125-летию со дня основания Томского политехнического университета, Томск, 17-20 мая 2021 г./ Национальный исследовательский Томский политехнический университет (ТПУ) ; Инженерная школа природных ресурсов ; Исследовательская школа химических и биомедицинских технологий.— , 2021
Т. 1.— 2021.— [С. 342-343]
Κύριος συγγραφέας: Бердинская Е.С.
Συγγραφή απο Οργανισμό/Αρχή: Национальный исследовательский Томский политехнический университет Исследовательская школа химических и биомедицинских технологий
Άλλοι συγγραφείς: Очирова Д. А. (научный руководитель), Рожникова Т. В., Плотников Е. В. Евгений Владимирович
Περίληψη:Заглавие с титульного экрана
Γλώσσα:Ρωσικά
Έκδοση: 2021
Σειρά:Теоретические и прикладные аспекты фармации и биотехнологии
Θέματα:
Διαθέσιμο Online:http://earchive.tpu.ru/handle/11683/66248
Μορφή: Ηλεκτρονική πηγή Κεφάλαιο βιβλίου
KOHA link:https://koha.lib.tpu.ru/cgi-bin/koha/opac-detail.pl?biblionumber=632869

MARC

LEADER 00000naa2a2200000 4500
001 632869
005 20231101133731.0
035 |a (RuTPU)RU\TPU\conf\34591 
035 |a RU\TPU\conf\34590 
090 |a 632869 
100 |a 20210525d2021 k y0rusy50 ca 
101 0 |a rus 
102 |a RU 
105 |a y z 101zy 
135 |a drcn ---uucaa 
181 0 |a i  
182 0 |a b 
200 1 |a Сравнительная оценка цитотоксичности производных вердазильных радикалов разными колориметрическими тестами  |f Е. С. Бердинская, Д. А. Очирова, Т. В. Рожникова  |g науч. рук. Е. В. Плотников 
203 |a Текст  |c электронный 
225 1 |a Теоретические и прикладные аспекты фармации и биотехнологии 
230 |a 1 компьютерный файл (pdf; 1 458 Kb) 
300 |a Заглавие с титульного экрана 
320 |a [Библиогр.: с. 343 (2 назв.)] 
461 1 |0 (RuTPU)RU\TPU\conf\34506  |t Химия и химическая технология в XXI веке  |o материалы XXII Международной научно-практической конференции студентов и молодых ученых имени выдающихся химиков Л. П. Кулёва и Н. М. Кижнера, посвященной 125-летию со дня основания Томского политехнического университета, Томск, 17-20 мая 2021 г.  |o в 2 т.  |f Национальный исследовательский Томский политехнический университет (ТПУ) ; Инженерная школа природных ресурсов ; Исследовательская школа химических и биомедицинских технологий  |d 2021 
463 1 |0 (RuTPU)RU\TPU\conf\34507  |t Т. 1  |v [С. 342-343]  |d 2021 
610 1 |a труды учёных ТПУ 
610 1 |a электронный ресурс 
610 1 |a сравнительная оценка 
610 1 |a цитотоксичность 
610 1 |a вердазильные радикалы 
610 1 |a колориметрические методы 
700 1 |a Бердинская  |b Е.С. 
701 1 |a Очирова  |b Д. А. 
701 1 |a Рожникова  |b Т. В. 
702 1 |a Плотников  |b Е. В.  |c химик  |c инженер Томского политехнического университета  |f 1983-  |g Евгений Владимирович  |2 stltpush  |4 727 
712 0 2 |a Национальный исследовательский Томский политехнический университет  |b Исследовательская школа химических и биомедицинских технологий  |c (2017- )  |h 8120  |2 stltpush  |3 (RuTPU)RU\TPU\col\23537 
801 2 |a RU  |b 63413507  |c 20210531  |g RCR 
856 4 |u http://earchive.tpu.ru/handle/11683/66248 
942 |c BK